Представление документа в формате RUSMARC

ПолеНазваниеЗначение
  Тип записи a
  Библиографический уровень a
001 Контрольный номер RU/УОНБ/EK_KRAY/320882425
005 Дата корректировки 20220304195940.2
100 Данные общей обработки __
a Данные общей обработки 20010217d2001 u u0rusy0103 ba
101 Язык документа 0_
a Язык текста rus
200 Заглавие и сведения об ответственности 1_
a Заглавие О представителе в Совете Федерации Федерального собрания Российской Федерации от администрации Ульяновской области
e Сведения, относящиеся к заглавию постановление Законодат. Собр. обл
210 Выходные данные 1_
d Дата издания 2001
330 Аннотация __
a Аннотация Представителем в Совете Федерации Федерал. собр. Рос. Федерации от администрации Ульян. обл. назначен А.Н. Калита.
461 Уровень набора _0
1 2001
a Ульяновская правда
0 Уровень набора Ульяновская правда
463 Уровень физической единицы _0
1 2000
a 20 янв.
v С. 2.
1 210
d 2001
610 Ключевые слова 0_
a Ключевые слова представитель
610 Ключевые слова 0_
a Ключевые слова Совет Федерации
686 Индексы других классификаций __
a Классификационный индекс 67.606.1
2 Код системы rubbk
801 Источник записи _0
a Страна RU
b Организация Ульяновская ОНБ
c Дата составления 20010217
g Правила каталогизации PSBO
801 Источник записи _1
a Страна RU
b Организация Ульяновская ОНБ
c Дата составления 20010217
901 Тип документа __
t Тип документа b
938 Служебная информация __
a Имя БД kraeved_work
b Имя библиотеки УОНБ
c Имя АИБС МАРК-SQL
d Номер DOC_ID в БД 26418